LEADER 03155oas 2201333 a 450 001 9910144295003321 005 20251106213014.0 011 $a1534-4681 035 $a(DE-599)ZDB2074021-9 035 $a(DE-599)2074021-9 035 $a(OCoLC)46622001 035 $a(CONSER) 2001214677 035 $a(CKB)954925601709 035 $a(EXLCZ)99954925601709 100 $a20010329a19949999 sy a 101 0 $aeng 135 $aurcn||||||||| 181 $ctxt$2rdacontent 182 $cc$2rdamedia 183 $acr$2rdacarrier 200 10$aAnnals of surgical oncology 210 $aBaltimore, MD $cLippincott Williams & Wilkins 215 $a1 online resource 300 $aRefereed/Peer-reviewed 311 08$a1068-9265 606 $aCancer$xSurgery$vPeriodicals 606 $aMedical Oncology 606 $aNeoplasms$xsurgery 606 $aGeneral Surgery 606 $aSocieties, Medical 606 $aCancer$xChirurgie$vPe?riodiques 606 $aCancer$xSurgery$2fast$3(OCoLC)fst00845532 606 $aCance?rologie$2rasuqam 606 $aChirurgie$2rasuqam 606 $aCancer$2rasuqam 606 $aCirurgia oncològica$2thub 608 $aPeriodicals.$2fast 608 $aPeriodicals.$2lcgft 608 $aRessource Internet (Descripteur de forme)$2rasuqam 608 $aPe?riodique e?lectronique (Descripteur de forme)$2rasuqam 608 $aRevistes electròniques.$2thub 615 0$aCancer$xSurgery 615 2$aMedical Oncology. 615 2$aNeoplasms$xsurgery. 615 2$aGeneral Surgery. 615 2$aSocieties, Medical. 615 6$aCancer$xChirurgie 615 7$aCancer$xSurgery. 615 17$aCance?rologie. 615 7$aChirurgie. 615 17$aCancer. 615 7$aCirurgia oncològica. 676 $a616 712 02$aSociety of Surgical Oncology (U.S.), 801 0$bNSD 801 1$bNSD 801 2$bOCLCQ 801 2$bSBH 801 2$bNSD 801 2$bOCL 801 2$bNSD 801 2$bUQ1 801 2$bOCLCQ 801 2$bMYG 801 2$bUAT 801 2$bFQM 801 2$bLGG 801 2$bOCLCQ 801 2$bUKMGB 801 2$bOCLCQ 801 2$bOCLCF 801 2$bOCLCQ 801 2$bZ5A 801 2$bOCLCO 801 2$bOCLCQ 801 2$bOCLCA 801 2$bREB 801 2$bOCLCO 801 2$bAPUMS 801 2$bOCLCQ 801 2$bOCLCO 801 2$bEZC 801 2$bOCLCO 801 2$bU3W 801 2$bOCLCQ 801 2$bOCLCO 801 2$bLND 801 2$bAU@ 801 2$bOCLCO 801 2$bWYU 801 2$bOCLCQ 801 2$bOCLCO 801 2$bOCLCA 801 2$bVT2 801 2$bOCLCO 801 2$bCGU 801 2$bOCLCO 801 2$bNJT 801 2$bOCLCO 801 2$bOCLCA 801 2$bUBY 801 2$bOCLCQ 801 2$bUAB 801 2$bQGK 801 2$bSFB 801 2$bOCLCL 801 2$bADU 801 2$bLUU 801 2$bCEF 801 2$bOCLCQ 906 $aJOURNAL 912 $a9910144295003321 996 $aAnnals of surgical oncology$92119899 997 $aUNINA LEADER 02457oas 22009973 450 001 9910303539203321 005 20251106213014.0 011 $a0474-7534 035 $a(DE-599)ZDB2134333-0 035 $a(DE-599)2555745-2 035 $a(OCoLC)733867559 035 $a(CONSER) 2015201038 035 $a(CKB)110985822456020 035 $a(EXLCZ)99110985822456020 100 $a20110630b19511981 uy a 101 0 $aeng 135 $aurbn||||||abp 135 $aurbn||||||ada 181 $ctxt$2rdacontent 182 $cc$2rdamedia 183 $acr$2rdacarrier 200 00$aBulletin of the Orton Society 210 1$aWaterbury, Conn. :$cOrton Society. 311 08$a0474-7534 531 0 $aBull. Orton Soc. 606 $aDyslexia$vPeriodicals 606 $aLanguage 606 $aSpeech Disorders 606 $aDyslexie$3(CaQQLa)201-0001143$vPe?riodiques$3(CaQQLa)201-0378307 606 $aLangage et langues$3(CaQQLa)201-0013295 606 $aTroubles de la parole$3(CaQQLa)201-0002853 606 $aDysleksja i dysgrafia$2dbn 606 $aDyslexia$2fast$3(OCoLC)fst00900345 608 $aPeriodical. 608 $aperiodicals.$2aat 608 $aCzasopismo psychologiczne.$2dbn 608 $aPeriodicals.$2fast 608 $aPeriodicals.$2lcgft 608 $aPe?riodiques.$2rvmgf 615 0$aDyslexia 615 2$aLanguage. 615 2$aSpeech Disorders. 615 6$aDyslexie 615 6$aLangage et langues. 615 6$aTroubles de la parole. 615 7$aDysleksja i dysgrafia. 615 7$aDyslexia. 676 $a618.9/28/553005 712 02$aOrton Society 801 0$bOCLCE 801 1$bOCLCE 801 2$bOCLCQ 801 2$bOCLCF 801 2$bOCLCQ 801 2$bCUD 801 2$bTXA 801 2$bJSTOR 801 2$bDLC 801 2$bOCLCQ 801 2$bBUF 801 2$bREB 801 2$bOCLCO 801 2$bGILDS 801 2$bOCLCO 801 2$bAU@ 801 2$bOCLCO 801 2$bOCLCA 801 2$bOCL 801 2$bOCLCO 801 2$bOCLCQ 801 2$bOCLCO 801 2$bOCLCA 801 2$bOCLCQ 801 2$bSFB 801 2$bBWN 801 2$bOCLCL 801 2$bAUD 801 2$bUAB 801 2$bWYU 801 2$bOH1 801 2$bOCLCL 801 2$bOCLCQ 906 $aJOURNAL 912 $a9910303539203321 996 $aBulletin of the Orton Society$92172898 997 $aUNINA